• 首页
  • 本馆介绍
  • 公告通知
  • 最新文献
  • 馆藏检索
  • 电子资源
  • 读者导购
  • 参考咨询
  • 我的图书馆
  • 登录
  • 详细信息显示
  • 放入我的书架
  • 预约/预借图书
  • 作者相关作品
  • 分类相关作品
  • 丛书相关作品
  • 出版社相关作品

书目信息

  • 表格格式
  • 工作单格式
  • 卡片格式
题名:
小学教育学
    
 
作者: 汤书翔 主编
分册:  
出版信息: 武汉   华中科技大学出版社  2001
页数: 298页
开本: 21cm
丛书名:
单 册:
中图分类: G620
科图分类:
主题词: 初等教育--教育学--师资培训--教材
电子资源:
ISBN: 7-5609-2155-8
000 00864nam0 2200253 45
001 060000019173
005 20050930090650.81
010    @a7-5609-2155-8@dCNY12.00
100    @a20050122e20042001ekmy0chiy0120 ea
101 0  @achi
102    @aCN@b420000
105    @ay z 000yy
200 1  @a小学教育学@9xiao xue jiao yu xue@f汤书翔主编@Ftang shu xiang zhu bian
210    @a武汉@c华中科技大学出版社@d2001@h2004重印
215    @a298页@d21cm
300    @a小学教师资格培训用书
304    @a湖北省教育干部培训中心、湖北教育学院教育管理系组织编写
330    @a本书内容有:教育和教育学,小学教师和小学生,我国教育方针和小学生全面发展教育,小学课外活动,小学的管理等。
606 0  @a初等教育@x教育学@x师资培训@x教材
690    @aG620@v4
701  0 @a汤书翔@Atang shu xiang@4主编
801  0 @aCN@bTSSF@c20050930
905    @a10447@dG620@e141
999    @aHSJ@eDF
    
    小学教育学/汤书翔主编.-武汉:华中科技大学出版社,2001(2004重印)
    298页;21cm
    小学教师资格培训用书
    
    ISBN 7-5609-2155-8:CNY12.00
    本书内容有:教育和教育学,小学教师和小学生,我国教育方针和小学生全面发展教育,小学课外活动,小学的管理等。
●
相关链接 在E读中查询图书 在五车中查询图书 在当当中查询图书 在豆瓣中查询图书


正题名:小学教育学     索取号:G620/141         预约/预借

序号 登录号 条形码 馆藏地/架位号 状态 备注
1 0364016   3640162   第一样本阅览室/ [索取号:G620/141] 在馆    
2 0364017   3640171   第四借阅区/ [索取号:G620/141] 在馆    
3 0364018   3640180   第四借阅区/ [索取号:G620/141] 在馆    
4 0364019   3640199   第四借阅区/ [索取号:G620/141] 在馆    
5 0364020   3640206   第四借阅区/ [索取号:G620/141] 在馆    
6 0364021   3640215   第四借阅区/ [索取号:G620/141] 在馆    
7 0364022   3640224   第四借阅区/ [索取号:G620/141] 在馆    
8 0364023   3640233   第四借阅区/ [索取号:G620/141] 在馆    
唐山师范学院图书馆 欢迎您!
大连网信软件有限公司© 版权所有